[Event "LXXIII C.to Italiano"]
[Site "Roma ITA"]
[Date "2013.11.21"]
[Round "1"]
[White "Rombaldoni, Denis"]
[Black "Bruno, Fabio"]
[Result "1/2-1/2"]
[WhiteElo "2462"]
[BlackElo "2414"]
[PlyCount "137"]
[EventDate "2013.11.21"]

1. d4 e6 2. c4 Nf6 3. g3 Bb4+ 4. Nd2 c5 5. a3 Bxd2+ 6. Qxd2 cxd4 7. Nf3 Nc6 8.
Nxd4 d5 9. Bg2 O-O 10. cxd5 exd5 11. Nxc6 bxc6 12. b4 a5 13. Bb2 axb4 14. axb4
Rxa1+ 15. Bxa1 Ba6 16. O-O Re8 17. Re1 Bb5 18. e3 Ne4 19. Qd4 f6 20. Bb2 Qc8
21. f3 Nd6 22. Qc5 Qe6 23. Bd4 Ra8 24. Ra1 Rxa1+ 25. Bxa1 Nc4 26. Bd4 h6 27. g4
h5 28. h3 hxg4 29. hxg4 Ne5 30. Qc3 Nf7 31. Qc2 Ne5 32. Qc3 Nf7 33. Qb2 Ng5 34.
Qf2 Bd3 35. Qg3 Bb5 36. Qc7 Kh7 37. Kf2 Kg8 38. Qb8+ Kh7 39. Qh2+ Kg8 40. Qc7
Qe8 41. Ba7 Qg6 42. Qc8+ Kh7 43. Kg3 Qf7 44. Bc5 Qe6 45. Qxe6 Nxe6 46. Bb6 Ng5
47. Kf2 Kg6 48. e4 dxe4 49. f4 Nf3 50. Ke3 Kf7 51. Kxe4 Ne1 52. Bh3 Nd3 53. Bc5
Nxc5+ 54. bxc5 Bc4 55. g5 Bd5+ 56. Ke3 Kg6 57. gxf6 Kxf6 58. Kd4 Bf3 59. Kc4
Ke7 60. Bf5 Bd5+ 61. Kd4 Kf6 62. Bc2 Bg2 63. Bd3 Bf3 64. Bb1 Bd5 65. f5 Bf7 66.
Be4 Be8 67. Bd3 Bd7 68. Be4 Be8 69. Bd3 1/2-1/2

[Event "LXXIII C.to Italiano"]
[Site "Roma ITA"]
[Date "2013.11.21"]
[Round "1"]
[White "Stella, Andrea"]
[Black "Brunello, Sabino"]
[Result "0-1"]
[WhiteElo "2454"]
[BlackElo "2615"]
[PlyCount "64"]
[EventDate "2013.11.21"]

1. e4 c5 2. d4 cxd4 3. c3 dxc3 4. Nxc3 e6 5. Nf3 d6 6. Bc4 Be7 7. O-O Nf6 8.
Qe2 O-O 9. Rd1 Nbd7 10. e5 dxe5 11. Nxe5 Qa5 12. Bf4 Nb6 13. a3 Nxc4 14. b4 Qa6
15. b5 Qa5 16. Qxc4 a6 17. Bd2 axb5 18. Nxb5 Qa4 19. Nc7 Qxc4 20. Nxc4 Ra4 21.
Rac1 Bd7 22. Bg5 Bc6 23. Ne5 Rxa3 24. Nxc6 bxc6 25. Bxf6 Bxf6 26. Rxc6 h6 27.
g3 Rb8 28. Rc2 Rc3 29. Rdc1 Rxc2 30. Rxc2 Rc8 31. Rc5 Bd4 32. Rc6 Kh7 0-1

[Event "LXXIII C.to Italiano"]
[Site "Roma ITA"]
[Date "2013.11.22"]
[Round "2"]
[White "Bruno, Fabio"]
[Black "Godena, Michele"]
[Result "1-0"]
[WhiteElo "2414"]
[BlackElo "2501"]
[PlyCount "87"]
[EventDate "2013.11.21"]

1. d4 d5 2. c4 dxc4 3. e3 Nf6 4. Bxc4 a6 5. Nf3 b5 6. Bd3 Bb7 7. O-O e6 8. a4
b4 9. Nbd2 c5 10. Qe2 cxd4 11. exd4 Be7 12. Nc4 O-O 13. a5 Nbd7 14. Nce5 Ne8
15. Bd2 Nc7 16. Rfc1 Nxe5 17. dxe5 Qd7 18. Rc4 Bxf3 19. Qxf3 Rad8 20. Be1 Nd5
21. g3 f5 22. Rcc1 Ra8 23. Bc4 Rfd8 24. Rd1 Qb7 25. Rd2 Rd7 26. Rad1 Rad8 27.
Qe2 Qc7 28. Bxd5 Rxd5 29. Rxd5 Rxd5 30. Rxd5 exd5 31. Qxa6 Qxe5 32. Kf1 Qe4 33.
Qb5 Qh1+ 34. Ke2 Qe4+ 35. Kf1 Qh1+ 36. Ke2 Qe4+ 37. Kd2 Bg5+ 38. f4 Bf6 39. Qd3
Bxb2 40. Qxe4 fxe4 41. Bf2 d4 42. a6 e3+ 43. Bxe3 dxe3+ 44. Kxe3 1-0

[Event "LXXIII C.to Italiano"]
[Site "Roma ITA"]
[Date "2013.11.22"]
[Round "2"]
[White "Cocchi, Andrea"]
[Black "De Filomeno, Simone"]
[Result "1-0"]
[WhiteElo "2322"]
[BlackElo "2431"]
[PlyCount "73"]
[EventDate "2013.11.21"]

1. Nf3 d5 2. b3 Bg4 3. e3 Nd7 4. Bb2 Ngf6 5. c4 c6 6. Be2 e6 7. Nc3 Bd6 8. cxd5
cxd5 9. Nb5 Bb8 10. Ba3 Bxf3 11. gxf3 Ne5 12. Rg1 a6 13. Nd4 Bd6 14. Bb2 g6 15.
Rc1 Ned7 16. f4 O-O 17. h4 Ne4 18. Nf3 Be7 19. h5 Bf6 20. Bxf6 Ndxf6 21. Ne5 d4
22. hxg6 hxg6 23. Bd3 dxe3 24. fxe3 Qa5 25. Rc4 Nc5 26. Bxg6 fxg6 27. Rxg6+ Kh8
28. b4 Nd3+ 29. Nxd3 Qd5 30. Rc5 Qh1+ 31. Ke2 Qh2+ 32. Ke1 Qh1+ 33. Ke2 Qh2+
34. Ke1 Qh1+ 35. Ke2 Qh2+ 36. Nf2 Ne4 37. Qg1 1-0

[Event "LXXIII C.to Italiano"]
[Site "Roma ITA"]
[Date "2013.11.22"]
[Round "2"]
[White "Garcia Palermo, Carlos Horacio"]
[Black "Caprio, Guido"]
[Result "1-0"]
[WhiteElo "2450"]
[BlackElo "2418"]
[PlyCount "51"]
[EventDate "2013.11.21"]

1. Nf3 c5 2. c4 Nc6 3. Nc3 g6 4. g3 Bg7 5. Bg2 b6 6. O-O Bb7 7. e3 Nh6 8. d4
Nf5 9. d5 Na5 10. e4 Nd6 11. e5 Ndxc4 12. Re1 O-O 13. b3 Nxe5 14. Rxe5 e6 15.
Bb2 Bxe5 16. Nxe5 d6 17. Nxf7 Kxf7 18. dxe6+ Kxe6 19. Bxb7 Nxb7 20. Qd5+ Kd7
21. Qxb7+ Qc7 22. Qg2 Rae8 23. Nd5 Qc6 24. Qh3+ Kd8 25. Bf6+ Rxf6 26. Nxf6 1-0

[Event "LXXIII C.to Italiano"]
[Site "Roma ITA"]
[Date "2013.11.22"]
[Round "2"]
[White "Rombaldoni, Axel"]
[Black "Rombaldoni, Denis"]
[Result "0-1"]
[WhiteElo "2530"]
[BlackElo "2462"]
[PlyCount "84"]
[EventDate "2013.11.21"]

1. d4 Nf6 2. c4 e6 3. Nf3 Bb4+ 4. Nbd2 O-O 5. a3 Be7 6. e4 d5 7. e5 Nfd7 8. Bd3
c5 9. h4 g6 10. h5 cxd4 11. cxd5 exd5 12. Nb3 Nc6 13. Bf4 a5 14. Rc1 a4 15.
Nbxd4 Nxd4 16. Nxd4 Bg5 17. Bxg5 Qxg5 18. Nf3 Qe7 19. Rc7 Ra5 20. hxg6 fxg6 21.
Be2 Rd8 22. e6 Qxe6 23. Qc1 Qe8 24. Qh6 Qe7 25. Ng5 Re8 26. Qxh7+ Qxh7 27. Rxh7
d4 28. Rhxd7 Bxd7 29. Nh7 Kxh7 30. Rxd7+ Kh6 31. Rxd4 Rb5 32. Rd2 Rg5 33. g3
Rh5 34. Kf1 Rc5 35. f4 Rec8 36. g4 R8c7 37. g5+ Kg7 38. Rd4 Rc1+ 39. Kf2 R1c2
40. Kf3 Rxb2 41. Rxa4 Rc3+ 42. Kf2 Rh3 0-1

[Event "LXXIII C.to Italiano"]
[Site "Roma ITA"]
[Date "2013.11.22"]
[Round "2"]
[White "Stella, Andrea"]
[Black "Dvirnyy, Danyyil"]
[Result "1/2-1/2"]
[WhiteElo "2454"]
[BlackElo "2560"]
[PlyCount "56"]
[EventDate "2013.11.21"]

1. e4 e5 2. Nf3 Nc6 3. Bb5 a6 4. Ba4 Nf6 5. O-O b5 6. Bb3 Bc5 7. Nc3 O-O 8. d3
h6 9. Nd5 d6 10. c3 Rb8 11. d4 Ba7 12. Be3 exd4 13. Nxd4 Nxd4 14. Bxd4 Bxd4 15.
Qxd4 Nxd5 16. Bxd5 Re8 17. Rfe1 Bb7 18. Re3 c5 19. Qd2 Bxd5 20. Qxd5 Re5 21.
Qd3 Qf6 22. Rd1 Re6 23. b3 a5 24. g3 b4 25. c4 a4 26. Qd5 axb3 27. axb3 Rbe8
28. Kg2 g6 1/2-1/2

[Event "LXXIII C.to Italiano"]
[Site "Roma ITA"]
[Date "2013.11.23"]
[Round "3"]
[White "Caprio, Guido"]
[Black "Cocchi, Andrea"]
[Result "0-1"]
[WhiteElo "2418"]
[BlackElo "2322"]
[PlyCount "52"]
[EventDate "2013.11.21"]

1. d4 Nf6 2. c4 g6 3. h4 d6 4. Nc3 Nc6 5. Nf3 Bg7 6. d5 Ne5 7. Nxe5 dxe5 8. e4
O-O 9. Be2 e6 10. h5 exd5 11. cxd5 c6 12. hxg6 fxg6 13. Qb3 Kh8 14. Be3 cxd5
15. exd5 Bd7 16. O-O-O b5 17. Kb1 a6 18. Bd3 Bf5 19. Bg5 Qd7 20. Ka1 Bxd3 21.
Bxf6 Rxf6 22. Rxd3 Rxf2 23. Rdh3 h5 24. Ne4 Rxg2 25. Qf3 Qg4 26. Qe3 Re2 0-1

[Event "LXXIII C.to Italiano"]
[Site "Roma ITA"]
[Date "2013.11.23"]
[Round "3"]
[White "David, Alberto"]
[Black "Garcia Palermo, Carlos Horacio"]
[Result "1/2-1/2"]
[WhiteElo "2580"]
[BlackElo "2450"]
[PlyCount "81"]
[EventDate "2013.11.21"]

1. d4 Nf6 2. c4 e6 3. Nc3 d5 4. cxd5 exd5 5. Bg5 Be7 6. e3 Nbd7 7. Bd3 Nb6 8.
Bf4 Bd6 9. Bxd6 Qxd6 10. h3 Bd7 11. Nf3 O-O 12. O-O Rac8 13. Qb3 Rfe8 14. a4 c5
15. dxc5 Rxc5 16. Rfd1 Qc7 17. a5 Nc8 18. Bb5 Bxb5 19. Nxb5 Qd7 20. Nxa7 Nd6
21. Qb6 Nfe4 22. a6 bxa6 23. Rxa6 h6 24. Nd4 Nc4 25. Qb4 Qe7 26. Nac6 Qh4 27.
Qe1 Nxb2 28. f3 Nf2 29. Rda1 Nbd3 30. Qd2 Qg3 31. Ra8 Rxa8 32. Rxa8+ Kh7 33.
Ra1 Nxh3+ 34. Kf1 Nhf2 35. Nb4 Nxb4 36. Qxb4 Nd3 37. Qd2 Rc3 38. Nb5 Rb3 39.
Nd4 Rc3 40. Nb5 Rb3 41. Nd4 1/2-1/2

[Event "LXXIII C.to Italiano"]
[Site "Roma ITA"]
[Date "2013.11.23"]
[Round "3"]
[White "De Filomeno, Simone"]
[Black "Bruno, Fabio"]
[Result "1-0"]
[WhiteElo "2431"]
[BlackElo "2414"]
[PlyCount "71"]
[EventDate "2013.11.21"]

1. d4 Nf6 2. c4 e6 3. Nf3 Bb4+ 4. Bd2 Qe7 5. Qc2 Bxd2+ 6. Nbxd2 d6 7. e4 Nc6 8.
c5 O-O 9. cxd6 cxd6 10. Be2 e5 11. d5 Nd4 12. Nxd4 exd4 13. Qd3 Re8 14. f3 Nh5
15. Qxd4 Nf4 16. g3 Nxe2 17. Kxe2 f5 18. Kf2 fxe4 19. Nxe4 Bf5 20. Rhe1 Rf8 21.
Kg2 h6 22. Rac1 Qd7 23. Nf2 Rf7 24. Rc3 a6 25. Rce3 Raf8 26. a4 Qd8 27. Nd3 g5
28. Nf2 a5 29. Ng4 Kh7 30. Re6 Bxg4 31. fxg4 Rf2+ 32. Kh3 R2f6 33. Re7+ R6f7
34. Qf6 Qe8 35. R1e6 Qxe7 36. Rxe7 1-0

[Event "LXXIII C.to Italiano"]
[Site "Roma ITA"]
[Date "2013.11.23"]
[Round "3"]
[White "Godena, Michele"]
[Black "Rombaldoni, Axel"]
[Result "0-1"]
[WhiteElo "2501"]
[BlackElo "2530"]
[PlyCount "104"]
[EventDate "2013.11.21"]

1. e4 e6 2. d4 d5 3. Nd2 h6 4. c3 c5 5. Ngf3 Nf6 6. exd5 exd5 7. Bb5+ Bd7 8.
Bxd7+ Nbxd7 9. O-O Be7 10. dxc5 Nxc5 11. Nb3 Nce4 12. Nfd4 Qd7 13. Qf3 O-O 14.
Nf5 Bd8 15. Nbd4 h5 16. Ng3 g6 17. Nxe4 dxe4 18. Qe2 Re8 19. Rd1 a6 20. Be3 Bc7
21. Nc2 Qg4 22. Qf1 Rad8 23. g3 h4 24. Rxd8 Rxd8 25. Bd4 Nh5 26. Ne3 Qg5 27.
Qg2 f5 28. Re1 b5 29. gxh4 Qxg2+ 30. Nxg2 Kf7 31. Re3 Nf6 32. Bxf6 Kxf6 33. Kf1
Bxh2 34. Ke2 Bc7 35. f4 Kf7 36. Rg3 Rh8 37. Rh3 Bd8 38. Rh1 Ke6 39. Rg1 Be7 40.
Rh1 g5 41. h5 Rh6 42. b3 g4 43. c4 bxc4 44. bxc4 Bd6 45. Kf2 Rh7 46. Kg3 Bc5
47. Kh4 Kf6 48. Kg3 Rd7 49. Ne1 Rd2 50. Rh2 Rxh2 51. Kxh2 e3 52. Kg2 e2 0-1

[Event "LXXIII C.to Italiano"]
[Site "Roma ITA"]
[Date "2013.11.24"]
[Round "4"]
[White "Brunello, Sabino"]
[Black "Garcia Palermo, Carlos Horacio"]
[Result "1-0"]
[WhiteElo "2615"]
[BlackElo "2450"]
[PlyCount "97"]
[EventDate "2013.11.21"]

1. d4 e6 2. c4 b6 3. e4 Bb4+ 4. Bd2 Bxd2+ 5. Qxd2 Nh6 6. Nc3 O-O 7. Nf3 d6 8.
Bd3 Nc6 9. h3 e5 10. Be2 Nxd4 11. Nxd4 exd4 12. Qxd4 Bb7 13. O-O-O Qg5+ 14. Kb1
f5 15. Bd3 Rae8 16. Rhe1 f4 17. Nb5 Re7 18. Nxa7 Nf7 19. f3 c5 20. Qf2 Bxe4 21.
Bxe4 Rxa7 22. Qc2 g6 23. Bd5 Re7 24. a3 Rfe8 25. Rxe7 Qxe7 26. Qd2 g5 27. h4 h6
28. Qd3 Kg7 29. Bxf7 Qxf7 30. Qc3+ Qf6 31. Qxf6+ Kxf6 32. Rxd6+ Ke5 33. Rd5+
Kf6 34. Rd6+ Ke5 35. Rxh6 Kd4 36. hxg5 Re2 37. Rxb6 Rxg2 38. Rf6 Ke3 39. g6
Kxf3 40. a4 Ke3 41. a5 f3 42. a6 f2 43. a7 Rxg6 44. Rxf2 Ra6 45. Rf8 Rxa7 46.
Rd8 Rh7 47. Kc2 Ke4 48. Rd5 Rh3 49. b3 1-0

[Event "LXXIII C.to Italiano"]
[Site "Roma ITA"]
[Date "2013.11.24"]
[Round "4"]
[White "Bruno, Fabio"]
[Black "Caprio, Guido"]
[Result "0-1"]
[WhiteElo "2414"]
[BlackElo "2418"]
[PlyCount "80"]
[EventDate "2013.11.21"]

1. d4 Nf6 2. Nf3 d5 3. c4 e6 4. Nc3 dxc4 5. e3 a6 6. Bxc4 b5 7. Bb3 Bb7 8. O-O
c5 9. Qe2 Nbd7 10. Rd1 Qb8 11. d5 c4 12. dxe6 fxe6 13. Bc2 Bd6 14. h3 O-O 15.
a4 b4 16. Qxc4 Bxf3 17. gxf3 bxc3 18. Qxe6+ Kh8 19. bxc3 Bh2+ 20. Kg2 Re8 21.
Qc4 Ne5 22. Qb4 Qc7 23. Rb1 Nc6 24. Qc4 Bd6 25. Bd3 Re5 26. f4 Rc5 27. Qb3 Rb8
28. Qa2 Rxb1 29. Qxb1 Ra5 30. Be2 Ne7 31. Qd3 Nf5 32. e4 Qc6 33. f3 Nh4+ 34.
Kh1 Qc8 35. Bf1 Be7 36. f5 Rxa4 37. Bd2 Qc7 38. Be1 Ra2 39. Rd2 Rxd2 40. Qxd2
Nxf3 0-1

[Event "LXXIII C.to Italiano"]
[Site "Roma ITA"]
[Date "2013.11.24"]
[Round "4"]
[White "Cocchi, Andrea"]
[Black "David, Alberto"]
[Result "0-1"]
[WhiteElo "2322"]
[BlackElo "2580"]
[PlyCount "82"]
[EventDate "2013.11.21"]

1. Nf3 Nf6 2. c4 b6 3. Nc3 Bb7 4. d4 e6 5. a3 g6 6. Qc2 Bxf3 7. exf3 Nc6 8. Be3
Bg7 9. O-O-O Ne7 10. d5 Nf5 11. Bg5 h6 12. Bf4 Nh5 13. Be3 exd5 14. cxd5 Nxe3
15. fxe3 O-O 16. g4 Nf6 17. h4 Re8 18. e4 a6 19. Bd3 d6 20. Ne2 Nd7 21. f4 Nc5
22. g5 h5 23. Ng3 Qd7 24. e5 dxe5 25. f5 e4 26. Bc4 Qd6 27. Nxh5 gxh5 28. f6
Bf8 29. Rhf1 Nd3+ 30. Kb1 Ne5 31. Bb3 Rad8 32. Qe2 Ng4 33. g6 Bh6 34. gxf7+
Kxf7 35. Rf5 Kg6 36. Rdf1 Re5 37. Bc2 Qxd5 38. f7 Rf8 39. Rxh5 Kxh5 40. Rg1 Qd7
41. Bd1 Qd3+ 0-1

[Event "LXXIII C.to Italiano"]
[Site "Roma ITA"]
[Date "2013.11.24"]
[Round "4"]
[White "Rombaldoni, Axel"]
[Black "De Filomeno, Simone"]
[Result "0-1"]
[WhiteElo "2530"]
[BlackElo "2431"]
[PlyCount "140"]
[EventDate "2013.11.21"]

1. d4 d5 2. c4 e6 3. Nf3 Nf6 4. Nc3 Be7 5. cxd5 exd5 6. Bf4 c6 7. Qc2 g6 8. Ne5
Bf5 9. Qd2 Nbd7 10. f3 Nxe5 11. Bxe5 Bd6 12. g4 Be6 13. Bxd6 Qxd6 14. O-O-O
O-O-O 15. Kb1 Kb8 16. h3 Nd7 17. e4 Nb6 18. e5 Qb4 19. a3 Qe7 20. Bd3 c5 21.
Nb5 c4 22. Bc2 h5 23. Nxa7 Kxa7 24. Qa5+ Kb8 25. Qxb6 Rc8 26. Qb4 Qxb4 27. axb4
Rc6 28. Kc1 Rb6 29. f4 hxg4 30. hxg4 Rxh1 31. Rxh1 Bxg4 32. Rh8+ Ka7 33. Re8
Ra6 34. Kb1 Rc6 35. Re7 Be6 36. b5 Rb6 37. Ba4 Bf5+ 38. Bc2 Be6 39. Kc1 Kb8 40.
Ba4 Kc8 41. Re8+ Kd7 42. Ra8 Ke7 43. Kd2 Bd7 44. Ra5 Ke6 45. Kc3 Kf5 46. Kb4
Ke4 47. Kc5 Re6 48. Bc2+ Kxf4 49. Ra7 Bc8 50. Kxd5 g5 51. Ra1 Re8 52. Kxc4 Bh3
53. Kd3 g4 54. Bb3 Re7 55. Bd5 g3 56. Rg1 Bf5+ 57. Kc4 Be6 58. Rf1+ Ke3 59.
Rf3+ Ke2 60. Rxg3 Rc7+ 61. Kb4 Bxd5 62. Rc3 Rd7 63. Kc5 Be4 64. Rh3 Rc7+ 65.
Kb6 Rc4 66. Rh6 Rxd4 67. Rf6 Bd5 68. Kc5 Rd2 69. Rd6 Be6 70. Kb6 Rxb2 0-1

[Event "LXXIII C.to Italiano"]
[Site "Roma ITA"]
[Date "2013.11.24"]
[Round "4"]
[White "Stella, Andrea"]
[Black "Godena, Michele"]
[Result "1/2-1/2"]
[WhiteElo "2454"]
[BlackElo "2501"]
[PlyCount "50"]
[EventDate "2013.11.21"]

1. e4 c5 2. d4 cxd4 3. c3 Nf6 4. e5 Nd5 5. Nf3 Nc6 6. Bc4 e6 7. cxd4 d6 8. O-O
Be7 9. Qe2 O-O 10. Nc3 dxe5 11. dxe5 Nxc3 12. bxc3 Qa5 13. Bd2 Rd8 14. Bb3 Bd7
15. Qe4 g6 16. h4 Be8 17. h5 Rxd2 18. Nxd2 Qxe5 19. hxg6 hxg6 20. Qxe5 Nxe5 21.
Rad1 Kg7 22. Ne4 Bc6 23. Rfe1 Rh8 24. Ng3 Bf6 25. Ne4 Be7 1/2-1/2

[Event "LXXIII C.to Italiano"]
[Site "Roma ITA"]
[Date "2013.11.25"]
[Round "5"]
[White "Caprio, Guido"]
[Black "Rombaldoni, Axel"]
[Result "0-1"]
[WhiteElo "2418"]
[BlackElo "2530"]
[PlyCount "66"]
[EventDate "2013.11.21"]

1. d4 e6 2. c4 Bb4+ 3. Nd2 Nf6 4. Ngf3 O-O 5. a3 Be7 6. e4 d6 7. Be2 c5 8. d5
exd5 9. cxd5 Re8 10. O-O Bf8 11. Re1 Bg4 12. Qc2 Nbd7 13. Bf1 c4 14. Qxc4 Rc8
15. Qd4 g6 16. h3 Bxf3 17. Nxf3 Bg7 18. Qb4 Nc5 19. Bg5 a5 20. Qb5 h6 21. Bd2
b6 22. Rac1 a4 23. Nd4 Nfxe4 24. Be3 Qh4 25. Red1 Qf6 26. Rc2 Ng3 27. Bc4 Rxe3
28. fxe3 h5 29. Re1 Nce4 30. Nf3 g5 31. Bd3 Nc5 32. Nd4 g4 33. hxg4 hxg4 0-1

[Event "LXXIII C.to Italiano"]
[Site "Roma ITA"]
[Date "2013.11.25"]
[Round "5"]
[White "David, Alberto"]
[Black "Bruno, Fabio"]
[Result "1-0"]
[WhiteElo "2580"]
[BlackElo "2414"]
[PlyCount "113"]
[EventDate "2013.11.21"]

1. e4 e6 2. d4 d5 3. Nd2 Nf6 4. e5 Nfd7 5. Bd3 c5 6. c3 b6 7. Nh3 Ba6 8. Bxa6
Nxa6 9. O-O Nc7 10. Qg4 c4 11. Nf3 h6 12. Nf4 g6 13. h4 b5 14. Qg3 Qe7 15. Nh2
Nb6 16. h5 g5 17. Ne2 O-O-O 18. f4 gxf4 19. Rxf4 Ne8 20. Qf3 Rd7 21. Bd2 Na4
22. Rf1 Nxb2 23. Rxf7 Qxf7 24. Qxf7 Rxf7 25. Rxf7 Nd3 26. Ng4 a5 27. Nf6 Nxf6
28. exf6 b4 29. cxb4 axb4 30. Nf4 Bd6 31. Nxd3 cxd3 32. Ra7 Rf8 33. f7 Bb8 34.
Re7 Kd8 35. Rb7 Kc8 36. Re7 Kd8 37. Rxe6 Rxf7 38. Re3 Rf5 39. Rxd3 Rxh5 40.
Bxb4 Rf5 41. Bd2 h5 42. Rf3 Rxf3 43. gxf3 Ba7 44. Bc3 Kd7 45. Kg2 Ke6 46. a4
Kf5 47. a5 h4 48. Kf2 Ke6 49. Ke3 Kf5 50. Be1 Kg5 51. Bb4 Kf5 52. Bd6 Ke6 53.
Be5 Kf5 54. Kf2 Kg5 55. Kg2 Kh5 56. Kh3 Kg5 57. f4+ 1-0

[Event "LXXIII C.to Italiano"]
[Site "Roma ITA"]
[Date "2013.11.25"]
[Round "5"]
[White "De Filomeno, Simone"]
[Black "Stella, Andrea"]
[Result "1/2-1/2"]
[WhiteElo "2431"]
[BlackElo "2454"]
[PlyCount "65"]
[EventDate "2013.11.21"]

1. d4 Nf6 2. c4 g6 3. f3 Nc6 4. d5 Ne5 5. e4 d6 6. Nc3 Bg7 7. Bd3 c6 8. Be3 Qa5
9. Nge2 Nfd7 10. f4 Nxd3+ 11. Qxd3 Nc5 12. Qc2 Qb4 13. Rd1 Qxc4 14. Bd4 O-O 15.
O-O Bg4 16. Bxg7 Kxg7 17. Rd4 Qa6 18. Ng3 Qb6 19. Qf2 e5 20. dxe6 Nxe6 21. Rxd6
h5 22. f5 Qxf2+ 23. Rxf2 h4 24. Nf1 Nc5 25. Rf4 Bh5 26. Rxh4 Kh6 27. e5 Rad8
28. Rc4 Nd3 29. Re4 Rxd6 30. exd6 gxf5 31. Re7 Rd8 32. Rxb7 Rxd6 33. Rxa7
1/2-1/2

[Event "LXXIII C.to Italiano"]
[Site "Roma ITA"]
[Date "2013.11.25"]
[Round "5"]
[White "Garcia Palermo, Carlos Horacio"]
[Black "Cocchi, Andrea"]
[Result "1-0"]
[WhiteElo "2450"]
[BlackElo "2322"]
[PlyCount "83"]
[EventDate "2013.11.21"]

1. Nf3 Nf6 2. c4 e6 3. g3 b6 4. Bg2 Bb7 5. O-O Be7 6. Nc3 O-O 7. d4 Na6 8. b3
d5 9. Ne5 c5 10. cxd5 exd5 11. Bb2 Re8 12. Rc1 Bd6 13. Nd3 Qd7 14. dxc5 bxc5
15. Na4 Rac8 16. Bxf6 gxf6 17. e3 Qf5 18. Qd2 Bc6 19. Ndb2 Red8 20. Qa5 Bb7 21.
Rfd1 Qe5 22. Nc4 Qe7 23. Nxd6 Qxd6 24. e4 d4 25. e5 Qd7 26. exf6 Bxg2 27. Kxg2
Qc6+ 28. Kg1 Qxf6 29. Nb2 Qb6 30. Qd2 Nb4 31. Na4 Qd6 32. Qg5+ Qg6 33. Rxc5
Nxa2 34. Qh4 f5 35. Rxc8 Rxc8 36. Qxd4 Nc1 37. Qe3 Qc6 38. Nc5 Qxc5 39. Rd8+
Kg7 40. Rd7+ Kh8 41. Rd8+ Kg7 42. Qg5+ 1-0

[Event "LXXIII C.to Italiano"]
[Site "Roma ITA"]
[Date "2013.11.25"]
[Round "5"]
[White "Godena, Michele"]
[Black "Dvirnyy, Danyyil"]
[Result "1/2-1/2"]
[WhiteElo "2501"]
[BlackElo "2560"]
[PlyCount "113"]
[EventDate "2013.11.21"]

1. d4 f5 2. Bg5 g6 3. Nd2 h6 4. Bh4 Bg7 5. e4 g5 6. Bg3 f4 7. Bxf4 gxf4 8. Qh5+
Kf8 9. Qf5+ Ke8 10. Qh5+ Kf8 11. Qf5+ Ke8 12. Be2 Nf6 13. e5 d5 14. Qxf4 c5 15.
exf6 Bxf6 16. Bh5+ Kf8 17. Ngf3 cxd4 18. Ne5 Rh7 19. O-O Nc6 20. Ndf3 Kg8 21.
Rfe1 Qd6 22. g3 Rg7 23. Nd3 Qxf4 24. Nxf4 Nb4 25. Rad1 Bf5 26. Rd2 Rc8 27. Ree2
Nxc2 28. Nxd5 d3 29. Nxf6+ exf6 30. Re8+ Rxe8 31. Bxe8 Be4 32. Nh4 Nd4 33. f3
Bh7 34. Kf2 Rc7 35. Bg6 Bxg6 36. Nxg6 Rc2 37. Ke3 Rxd2 38. Kxd2 Nxf3+ 39. Kxd3
Kf7 40. Nf4 Nxh2 41. Ke4 Nf1 42. g4 Nh2 43. Kf5 Nf3 44. Nd5 Nd4+ 45. Ke4 Nb5
46. Kf5 Nd6+ 47. Kf4 Ne8 48. Ne3 Ng7 49. Nc4 Ne8 50. Kf5 b5 51. Na5 Nd6+ 52.
Kf4 Ke6 53. Nc6 a6 54. b4 Kd5 55. Nb8 Kc4 56. Nxa6 Kc3 57. Kg3 1/2-1/2

[Event "LXXIII C.to Italiano"]
[Site "Roma ITA"]
[Date "2013.11.25"]
[Round "5"]
[White "Rombaldoni, Denis"]
[Black "Brunello, Sabino"]
[Result "0-1"]
[WhiteElo "2462"]
[BlackElo "2615"]
[PlyCount "78"]
[EventDate "2013.11.21"]

1. d4 d5 2. c4 c6 3. Nf3 Nf6 4. Nc3 dxc4 5. a4 e6 6. e3 c5 7. Bxc4 Nc6 8. O-O
Be7 9. dxc5 Qxd1 10. Rxd1 Bxc5 11. Bd2 Bd7 12. Ne1 Na5 13. Ba2 Rc8 14. Nd3 Be7
15. b4 Nc6 16. Rab1 O-O 17. b5 Nb8 18. e4 Rfd8 19. Ne5 Be8 20. Nc4 Rd4 21. Be3
Rdxc4 22. Bxc4 Rxc4 23. Bxa7 Rxc3 24. Bxb8 Nxe4 25. f3 Rc8 26. fxe4 Rxb8 27.
Rdc1 Bd8 28. Rc4 Bb6+ 29. Kf1 Kf8 30. Rd1 Ke7 31. e5 f6 32. Rdc1 Ra8 33. exf6+
gxf6 34. R1c3 e5 35. Ke2 Bf7 36. Rc7+ Bxc7 37. Rxc7+ Ke6 38. Rxb7 Rxa4 39. b6
Bg6 0-1

[Event "LXXIII C.to Italiano"]
[Site "Roma ITA"]
[Date "2013.11.26"]
[Round "6"]
[White "Brunello, Sabino"]
[Black "Cocchi, Andrea"]
[Result "1-0"]
[WhiteElo "2615"]
[BlackElo "2322"]
[PlyCount "73"]
[EventDate "2013.11.21"]

1. d4 Nf6 2. c4 g6 3. Nc3 Bg7 4. e4 d6 5. f3 O-O 6. Be3 Nbd7 7. Qd2 c5 8. Nge2
a6 9. a4 Qa5 10. Rb1 Qb4 11. b3 e6 12. Nc1 d5 13. Nd3 Qa5 14. e5 cxd4 15. Bxd4
Ne8 16. cxd5 exd5 17. f4 Nd6 18. Bf2 Nf5 19. b4 Qd8 20. Nxd5 b6 21. Be2 Nh4 22.
Bxh4 Qxh4+ 23. g3 Qd8 24. O-O a5 25. bxa5 Rxa5 26. Nxb6 Ra6 27. Nxc8 Qxc8 28.
Rfc1 Qa8 29. Nf2 Ra7 30. Bb5 Nb8 31. Rc4 Na6 32. Rbc1 h5 33. Qe3 Qb8 34. e6
fxe6 35. Qxe6+ Kh7 36. Rc8 Rxc8 37. Rxc8 1-0

[Event "LXXIII C.to Italiano"]
[Site "Roma ITA"]
[Date "2013.11.26"]
[Round "6"]
[White "Bruno, Fabio"]
[Black "Garcia Palermo, Carlos Horacio"]
[Result "1-0"]
[WhiteElo "2414"]
[BlackElo "2450"]
[PlyCount "95"]
[EventDate "2013.11.21"]

1. Nf3 b6 2. d4 Bb7 3. Bf4 g6 4. e3 Bg7 5. Be2 d6 6. O-O Nd7 7. h3 e5 8. Bh2
Nh6 9. c4 Nf5 10. dxe5 dxe5 11. Qc2 O-O 12. Nc3 a5 13. Rfd1 Qe7 14. Nd5 Bxd5
15. cxd5 Nc5 16. Bb5 Rad8 17. Rac1 Nd6 18. Bc6 f5 19. a3 g5 20. b4 axb4 21.
axb4 Nce4 22. Nd2 Nxd2 23. Rxd2 f4 24. exf4 gxf4 25. Re1 Qg5 26. Kh1 Kh8 27.
Rde2 Rf7 28. Qd3 Rg8 29. g3 f3 30. Re3 Qh5 31. Qf1 e4 32. g4 Qh6 33. Rxe4 Nxe4
34. Rxe4 Rgf8 35. Bg3 Qd2 36. Kh2 Bh6 37. Qa1+ Kg8 38. Qe5 Qd3 39. Re1 Bg7 40.
Qe4 Qxe4 41. Rxe4 Bh6 42. d6 cxd6 43. Bd5 Kg7 44. Bxf7 Rxf7 45. Bxd6 Rd7 46.
Bf4 Bxf4+ 47. Rxf4 Rd3 48. Rf5 1-0

[Event "LXXIII C.to Italiano"]
[Site "Roma ITA"]
[Date "2013.11.28"]
[Round "7"]
[White "Caprio, Guido"]
[Black "Dvirnyy, Danyyil"]
[Result "0-1"]
[WhiteElo "2418"]
[BlackElo "2560"]
[PlyCount "94"]
[EventDate "2013.11.21"]

1. d4 f5 2. c4 Nf6 3. Nc3 d6 4. Bg5 Nbd7 5. Qc2 g6 6. Nf3 Bg7 7. O-O-O O-O 8.
h4 c6 9. e3 a6 10. c5 Qe8 11. cxd6 exd6 12. Bf4 Qe7 13. Kb1 Nh5 14. Bg5 Ndf6
15. Bd3 Qf7 16. Ka1 Be6 17. Bxf6 Qxf6 18. Ng5 b5 19. g4 fxg4 20. Nce4 Qe7 21.
Nxe6 Qxe6 22. Qxc6 Rae8 23. Nxd6 Rd8 24. Nf5 Qxc6 25. Ne7+ Kh8 26. Nxc6 Rd6 27.
Ne5 Bxe5 28. dxe5 Re6 29. Be2 Rxf2 30. Bxg4 Rxe5 31. Bxh5 Rxh5 32. a3 Kg7 33.
Rd7+ Rf7 34. Rxf7+ Kxf7 35. Rf1+ Rf5 36. Rc1 Rh5 37. Rf1+ Ke6 38. Rf4 Re5 39.
e4 Rh5 40. Ka2 Ke5 41. Rg4 Kd4 42. a4 Ke3 43. axb5 axb5 44. Kb3 Kf3 45. Rg1
Rxh4 46. e5 Re4 47. Rh1 Rxe5 0-1

[Event "LXXIII C.to Italiano"]
[Site "Roma ITA"]
[Date "2013.11.28"]
[Round "7"]
[White "David, Alberto"]
[Black "Stella, Andrea"]
[Result "1-0"]
[WhiteElo "2580"]
[BlackElo "2454"]
[PlyCount "63"]
[EventDate "2013.11.21"]

1. d4 Nf6 2. c4 g6 3. Nf3 Bg7 4. e3 c5 5. d5 O-O 6. Nc3 d6 7. Be2 e6 8. Nd2
exd5 9. cxd5 Na6 10. O-O Nc7 11. e4 Re8 12. a4 b6 13. Re1 Rb8 14. Bb5 Bd7 15.
Nc4 a6 16. Bxd7 Qxd7 17. Bf4 Bf8 18. e5 Nh5 19. Qf3 dxe5 20. Bxe5 b5 21. axb5
axb5 22. g4 bxc4 23. gxh5 Bg7 24. Bxg7 Kxg7 25. Qg3 Nb5 26. Nxb5 Qxb5 27. Qf4
Qxb2 28. h6+ Kg8 29. Reb1 Qxb1+ 30. Rxb1 Rxb1+ 31. Kg2 f6 32. Qc7 1-0